=LDR 00000nam 2200000 4500 =001 INLIS000000000008565 =005 20130612100421 =008 ***********************************Ind** =035 ##$$0010-061300000008565 =041 ##$$a Ind =082 ##$$a 372.7 =090 ##$$a 372.7, Muci =100 ##$$a Muchtar =245 ##$$a IPA 1B, Muchtar =260 ##$$a 2001 $b Jakarta =300 ##$$a 80 hlm, 21 cm =650 ##$$a IPA Pend - Dasar =850 ##$$a NBPNMAT